Slovenské elektrárne modernizujú výrobu elektriny

Slovenské elektrárne (SE) ako najväčší výrobca elektriny, rozširuje jadrové a ekologizuje tepelné elektrárne. SE nasledujú svetové trhy, prinášajú pokrok do slovenskej energetiky, ktorá nasleduje svetové trendy - ekologickosť, bezpečnosť a efektivitu.

Salvato in:
Dettagli Bibliografici
Natura: Capitolo di libro
Lingua:slovacco
Soggetti:
Tags: Aggiungi Tag
Nessun Tag, puoi essere il primo ad aggiungerne!!

MARC

LEADER 00000naa a2200000 4500
001 0160954
005 20220725111614.9
041 0 |a slo 
044 |a SK 
245 1 0 |a Slovenské elektrárne modernizujú výrobu elektriny 
520 |a Slovenské elektrárne (SE) ako najväčší výrobca elektriny, rozširuje jadrové a ekologizuje tepelné elektrárne. SE nasledujú svetové trhy, prinášajú pokrok do slovenskej energetiky, ktorá nasleduje svetové trendy - ekologickosť, bezpečnosť a efektivitu. 
610 2 0 |a elektrárne 
610 2 0 |a elektrárne atómové 
610 2 0 |a elektrárne tepelné 
610 2 0 |a elektrina 
610 2 0 |a výroba energie 
610 2 0 |a spotreba energie 
610 2 0 |a ekológia